Problemas de geometría analítica

Bibliographic Details
Main Author: Kletenik, D.
Format: Section = Libro
Language:Undetermined
Spanish
Published: Moscú Mir Moscú 1981
Edition:5a.ed.
Subjects:
LEADER 00527nam a2200205Ia 4500
008 240829s9999 xx 000 0 und d
040 |a BIBLIOTECA-RUPAP 516.163 K63 
041 |a spa 
082 |a 516.163 K63 
100 1 |a Kletenik, D. 
245 1 0 |a Problemas de geometría analítica 
250 |a 5a.ed. 
260 |a Moscú  |b Mir Moscú  |c 1981 
300 |a 299 p. :il. 
650 7 |a COORDENADAS 
650 7 |b  SECCIONES CONICAS 
650 7 |c  GEOMETRIA DEL ESPACIO I. Tít. 
942 |c BK  |2 ddc 
991 |a TEXTO 
999 |c 7508